Statistics for All First-Level Subdivisions of Europe in 1939 on a Map

Click here to take the quiz!

General Stats

  • This quiz has been taken 4,455 times
    (4,453 since last reset)
  • The average score is 102 of 613

Answers on the Map

Answers color-coded by a green-red scale on the quiz's map according to % correct below.
 

Answer Stats

Subdivisions% Correct
England
92%
Scotland
92%
Wales
91%
Ukraine
90%
Russia
89%
Byelorussia
88%
Northern Ireland
88%
Isle of Man
82%
Sicily
82%
Berlin
81%
Albania
77%
Munich-Upper Bavaria
77%
Sardinia
77%
Corsica
76%
Warsaw
(City)
73%
Warsaw
(Voivodeship)
72%
Croatia
71%
Vienna
71%
Madrid
70%
Dublin
69%
Faroe Islands
69%
Oslo
69%
Hamburg
68%
Danzig
67%
Jersey
67%
Barcelona
66%
City of Stockholm
66%
Stockholm County
66%
Tuscany
65%
Malta
64%
Copenhagen
63%
Guernsey
63%
Riga
63%
Saxony
62%
Bohemia and Moravia
61%
Cork
61%
Gibraltar
59%
Monaco-Ville
58%
Sofia
58%
Kurmark
57%
Venezia Tridentina
57%
Bern
56%
Reykjavik
56%
Baden
55%
Lombardy
55%
Luxembourg
55%
Valencia
55%
Wilno
55%
Schleswig-Holstein
53%
Tyrol-Vorarlberg
53%
Zurich
53%
Kraków
52%
Svalbard
52%
Geneva
51%
Seville
51%
Silesia
51%
Venezia Euganea
50%
Venezia Giulia
50%
Palma de Mallorca
49%
Silesia
48%
City of San Marino
47%
Württemberg-Hohenzollern
47%
Hesse-Nassau
46%
East Prussia
45%
Electoral Hesse
45%
Lapland
45%
Lazio
45%
Piedmont
45%
Salzburg
45%
Vaduz
45%
Andorra la Vella
44%
Pomerania
44%
Bratislava
43%
Southern Hanover-Brunswick
43%
Zeeland
43%
Eastern Hanover
42%
Mecklenburg
42%
Emilia
41%
Liguria
41%
Cologne-Aachen
40%
Gotland
40%
Var
40%
Limerick
39%
Sudetenland
39%
Antwerp
38%
Bergen
38%
Granada
38%
Málaga
38%
Thuringia
38%
Zaragoza
38%
Murcia
37%
Friesland
36%
Galway
36%
Gothenburg and Bohus
36%
Łódź
36%
Magdeburg-Anhalt
36%
Monte-Carlo
36%
Basel-Landschaft
35%
Basel-Stadt
35%
Calabria
35%
Thessaloniki
35%
Aarhus
34%
Apulia
33%
North Holland
33%
South Holland
33%
Utrecht
33%
Åland
32%
León
32%
Styria
32%
Navarra
31%
Umbria
31%
Campania
30%
Córdoba
30%
Kaunas
30%
Nord
30%
Poznań
30%
Westphalia-North
30%
Westphalia-South
30%
Carinthia
29%
Liège
29%
Lwów
29%
Oviedo
29%
North Brabant
28%
Toledo
28%
Brabant
27%
Cádiz
27%
La Coruña
27%
Santander
27%
Limburg
26%
Waterford
26%
Alicante
25%
Düsseldorf
25%
Groningen
25%
Schaan
25%
Uppsala
25%
Abruzzo
24%
Heraklion
24%
Islands of the Aegean
24%
Lesbos
24%
Lublin
24%
Marche
24%
Plovdiv
24%
Troms
24%
Aalborg
23%
Donegal
22%
Lucerne
22%
Corfu
21%
Kilkenny
21%
Odense
21%
Valladolid
21%
Algarve
20%
Attica and Boeotia
20%
Essen
20%
Gerona
20%
Logroño
20%
Mayo
20%
Wexford
20%
Burgas
19%
Finnmark
19%
Kerry
19%
Loire
19%
Savoie
19%
Sligo
19%
Turku and Pori
19%
Franconia
18%
Namur
18%
Rhône
18%
St. Gallen
18%
Tartu
18%
Ticino
18%
Oulu
17%
Salamanca
17%
Valais
17%
Vaud
17%
Almería
16%
Burgos
16%
Gelderland
16%
Meath
16%
Neuchâtel
16%
Pest-Pilis-Soft-Kiskun
16%
Seine
16%
Tarragona
16%
Vas
16%
Badajoz
15%
Białystok
15%
East Flanders
15%
Fribourg
15%
Graubünden
15%
Jura
15%
Kildare
15%
Schwyz
15%
Swabia
15%
Uri
15%
West Flanders
15%
Zug
15%
Bornholm
14%
Clare
14%
Huelva
14%
Kalmar
14%
Koblenz-Trier
14%
North Tipperary
14%
Overijssel
14%
South Tipperary
14%
Danube
13%
Drenthe
13%
Euboea
13%
Hainaut
13%
Pas-de-Calais
13%
Saare
13%
Westmeath
13%
Appenzell Ausserrhoden
12%
Appenzell Innerrhoden
12%
Cher
12%
Jaén
12%
Kurzeme
12%
Offaly
12%
Schaffhausen
12%
Timiș
12%
Wicklow
12%
Aargau
11%
Albacete
11%
Castellón
11%
Cavan
11%
Huesca
11%
Lérida
11%
Louth
11%
Lugo
11%
Marne
11%
Nordland
11%
Nord-Trøndelag
11%
Roscommon
11%
Tarn
11%
Uusimaa
11%
Vidzeme
11%
Ardennes
10%
Carlow
10%
Ciudad Real
10%
Győr-Moson-Pozsony
10%
Haut-Rhin
10%
Jönköping
10%
Laois
10%
Longford
10%
Lot
10%
Mării
10%
Monaghan
10%
Moselle
10%
Nidwalden
10%
Norrbotten
10%
Obwalden
10%
Segovia
10%
Solothurn
10%
Somme
10%
Sør-Trøndelag
10%
Thurgau
10%
Viipuri
10%
Akureyri
9%
Alpes-Maritimes
9%
Ávila
9%
Bas-Rhin
9%
Biscay
9%
Cáceres
9%
Cyclades
9%
Finistère
9%
Glarus
9%
Haute-Savoie
9%
Keflavík
9%
Larissa
9%
Leitrim
9%
Meuse
9%
Mount Athos
9%
Nitra
9%
Nyitra-Pozsony
9%
Örebro
9%
Orense
9%
Serravalle
9%
Västerbotten
9%
Ain
8%
Aisne
8%
Basses-Pyrénées
8%
Bavarian Ostmark
8%
Bouches-du-Rhône
8%
Calvados
8%
Chania
8%
Chios
8%
Cuenca
8%
Dordogne
8%
Encamp
8%
Gard
8%
Gironde
8%
Guadalajara
8%
Halland
8%
Halle-Merseburg
8%
Hautes-Alpes
8%
Jämtland
8%
Loire-Inférieure
8%
Loiret
8%
Lower Danube
8%
Manche
8%
Møre og Romsdal
8%
Palencia
8%
Pärnu
8%
Pontevedra
8%
Samos
8%
Stanisławów
8%
Subcarpathia
8%
Telemark
8%
Teruel
8%
Upper Danube
8%
Vaasa
8%
Vendée
8%
Volhynia
8%
Zamora
8%
Álava
7%
Ardèche
7%
Aube
7%
Aude
7%
Aust-Agder
7%
Blekinge
7%
Charente
7%
Charente-Inférieure
7%
Côte-d'Or
7%
Côtes-du-Nord
7%
Eure
7%
Guipúzcoa
7%
Haute-Garonne
7%
Haute-Loire
7%
Hautes-Pyrénées
7%
Hérault
7%
Ioannina
7%
Isère
7%
Kefalonia
7%
Kielce
7%
Kopparberg
7%
Landes
7%
Lucania
7%
Meurthe-et-Moselle
7%
Morbihan
7%
Oise
7%
Pyrénées-Orientales
7%
Sant Julià de Lòria
7%
Seine-Inférieure
7%
Soria
7%
Territoire de Belfort
7%
Vardar
7%
Vest-Agder
7%
Vienne
7%
Vosges
7%
Zakynthos
7%
Allier
6%
Ariège
6%
Aveyron
6%
Basses-Alpes
6%
Cantal
6%
Corrèze
6%
Creuse
6%
Deux-Sèvres
6%
Diekirch
6%
Doubs
6%
Drôme
6%
Gers
6%
Häme
6%
Harju
6%
Haute-Marne
6%
Haute-Saône
6%
Haute-Vienne
6%
Ille-et-Vilaine
6%
Indre
6%
Indre-et-Loire
6%
Jiu
6%
Loir-et-Cher
6%
Lot-et-Garonne
6%
Morava
6%
Orne
6%
Östergötland
6%
Pleven
6%
Rogaland
6%
Seine-et-Marne
6%
Šiauliai
6%
Södermanland
6%
Stara Zagora
6%
Tarn-et-Garonne
6%
Tarnopol
6%
Triesen
6%
Värmland
6%
Vaucluse
6%
Vestfold
6%
Weser-Ems
6%
Yonne
6%
Zeta
6%
Alto Alentejo
5%
Baixo Alentejo
5%
Balzers
5%
Canillo
5%
Csanád-Arad-Torontál
5%
Douro Litoral
5%
Drava
5%
Eschen
5%
Eure-et-Loir
5%
Gävleborg
5%
Kronoberg
5%
Kuopio
5%
La Massana
5%
Latgale
5%
Lozère
5%
Maine-et-Loire
5%
Main Franconia
5%
Marijampolė
5%
Mayenne
5%
Mikkeli
5%
Nièvre
5%
Ordino
5%
Polesia
5%
Puy-de-Dôme
5%
Saar-Palatinate
5%
Saône-et-Loire
5%
Sarthe
5%
Sopron
5%
Trás-os-Montes e Alto Douro
5%
Trenčín
5%
Triesenberg
5%
Västernorrland
5%
Västmanland
5%
Viborg
5%
Zemgale
5%
Zoppot
5%
Achaea
4%
Acquaviva
4%
Akershus
4%
Alytus
4%
Argolis and Corinthia
4%
Arta
4%
Bács-Bodrog
4%
Baranya
4%
Bihar
4%
Borgo Maggiore
4%
Chalkidiki
4%
Drina
4%
Fejér
4%
Fiorentino
4%
Grevenmacher
4%
Hajdú
4%
Hordaland
4%
Jász-Nagykun-Szolnok
4%
Kavala
4%
Lääne
4%
La Condamine
4%
Laconia
4%
Maribo
4%
Mauren
4%
Mureș
4%
Nowogródek
4%
Oppland
4%
Østfold
4%
Panevėžys
4%
Randers
4%
Ribe
4%
Ruggell
4%
Schellenburg
4%
Seine-et-Oise
4%
Shumen
4%
Sogn og Fjordane
4%
Vejle
4%
Veszprém
4%
Viru
4%
Võru
4%
Vrbas
4%
Zala
4%
Abaúj-Torna
3%
Aetolia-Acarnania
3%
Akranes
3%
Arcadia
3%
Békés
3%
Bereg
3%
Borsod
3%
Buskerud
3%
Chiesanuova
3%
Csongrád
3%
Domagnano
3%
Drama
3%
Estremadura
3%
Esztergom
3%
Faetano
3%
Florina
3%
Gamprin
3%
Hafnarfjörður
3%
Hedmark
3%
Heves
3%
Järva
3%
Komárom
3%
Kópavogur
3%
Kozani
3%
Kristianstad
3%
Malmöhus
3%
Messenia
3%
Minho
3%
Montegiardino
3%
Nógrád
3%
Planken
3%
Ponta Delgada
3%
Preveza
3%
Prut
3%
Rethymno
3%
Selfoss
3%
Serres
3%
Skaraborg
3%
Somogy
3%
Sønderborg
3%
Suceava
3%
Szabolcs
3%
Szatmár
3%
Tauragė
3%
Telšiai
3%
Tolna
3%
Trakai
3%
Trikala
3%
Ung
3%
Utena
3%
Valga
3%
Viljandi
3%
Vratsa
3%
Zemplén
3%
Åbenrå
2%
Älvsborg
2%
Angra do Heroísmo
2%
Argeș
2%
Beira Alta
2%
Beira Baixa
2%
Beira Litoral
2%
Biržai-Pasvalys
2%
Crișuri
2%
Danziger Höhe
2%
Danziger Niederung
2%
Dunării
2%
Elis
2%
Evros
2%
Frederiksborg
2%
Garðabær
2%
Gömör-Kishont
2%
Grindavík
2%
Großes Werder
2%
Haderslev
2%
Hjørring
2%
Holbæk
2%
Hron
2%
Húsavík
2%
Ísafjörður
2%
Kėdainiai
2%
Kilkis
2%
Kretinga
2%
Lasithi
2%
Mažeikiai
2%
Nistru
2%
Pella
2%
Petseri
2%
Phthiotis and Phocis
2%
Præstø
2%
Raseiniai
2%
Rhodope
2%
Ribatejo
2%
Ringkøbing
2%
Rokiškis
2%
Šariš-Zemplín
2%
Seltjarnarnes
2%
Sorø
2%
Svendborg
2%
Tatra
2%
Thesprotia
2%
Thisted
2%
Tønder
2%
Ugocsa
2%
Ukmergė
2%
Vestmannaeyjar
2%
Vilkaviškis
2%
Zarasai
2%
Árnessýsla
1%
Austur-Barðastrandarsýsla
1%
Austur-Húnavatnssýsla
1%
Austur-Skaftafellssýsla
1%
Bars-Hont
1%
Bolungarvík
1%
Borgarfjarðarsýsla
1%
Dalasýsla
1%
Dalvík
1%
Eskifjörður
1%
Eyjafjarðarsýsla
1%
Gullbringusýsla
1%
Kjósarsýsla
1%
Mýrasýsla
1%
Neskaupstaður
1%
Njarðvík
1%
Norður-Ísafjarðarsýsla
1%
Norður-Múlasýsla
1%
Norður-Þingeyjarsýsla
1%
Ólafsfjörður
1%
Ólafsvik
1%
Rangárvallasýsla
1%
Šakiai
1%
Sauðárkrókur
1%
Seinai
1%
Seyðisfjörður
1%
Siglufjörður
1%
Skagafjarðarsýsla
1%
Snæfellsnessýsla
1%
Strandasýsla
1%
Suður-Múlasýsla
1%
Suður-Þingeyjarsýsla
1%
Vestur-Barðastrandarsýsla
1%
Vestur-Húnavatnssýsla
1%
Vestur-Ísafjarðarsýsla
1%
Vestur-Skaftafellssýsla
1%

Score Distribution

Percentile by Number Answered

Percent of People with Each Score

Your Score History

You have not taken this quiz since the last reset